• 首页
  • 本馆介绍
  • 公告通知
  • 最新文献
  • 馆藏检索
  • 电子资源
  • 读者导购
  • 参考咨询
  • 我的图书馆
  • 登录
  • 详细信息显示
  • 放入我的书架
  • 预约/预借图书
  • 作者相关作品
  • 分类相关作品
  • 丛书相关作品
  • 出版社相关作品

书目信息

  • 表格格式
  • 工作单格式
  • 卡片格式
题名:
打造首都经济新的增长极
    
 
作者: ;石景山区创新发展战略研究课题组 著
分册:  
出版信息: 北京   经济科学出版社  2014
页数: 333页
开本: 25cm
丛书名:
单 册:
中图分类: F127.1
科图分类:
主题词: 区域经济发展--研究--北京 , 区域经济发展
电子资源:
ISBN: 978-7-5141-4250-1
000 01203nam0 2200253 450
001 523
005 20140908162134.42
010    @a978-7-5141-4250-1@dCNY48.00
100    @a20140215d2014 em y0chiy50 ea
101 0  @achi
102    @aCN@b110000
105    @ay z 000yy
106    @ar
200 1  @a打造首都经济新的增长极@ADa Zao Shou Dou Jing Ji Xin De Zeng Chang Ji@e石景山区创新发展战略研究@EShi Jing Shan Qu Chuang Xin Fa Zhan Zhan Lue Yan Jiu@f石景山区创新发展战略研究课题组著@FShi Jing Shan Qu Chuang Xin Fa Zhan Zhan Lue Yan Jiu Ke Ti Zu Zhu
210    @a北京@c经济科学出版社@d2014
215    @a333页@d25cm
330    @a本书介绍了石景山区打造首都经济新的增长极的战略研究、经济增长极的理论研究、石景山区打造首都经济新的增长极的形势分析、石景山区主导产业统计监测评价、提升石景山区高I型年技术产业发展水平的对策研究等内容。
517 1  @a石景山区创新发展战略研究@AShi Jing Shan Qu Chuang Xin Fa Zhan Zhan Lue Yan Jiu
606 0  @a区域经济发展@x研究@y北京
606 0  @a区域经济发展
690    @aF127.1@v5
711 02 @a石景山区创新发展战略研究课题组@AShi Jing Shan Qu Chuang Xin Fa Zhan Zhan Lue Yan Jiu Ke Ti Zu@4著
801  0 @aCN@bTANGWEI@c20140603
905    @b0839869-71@dF127.1@e222@f3
    
    打造首都经济新的增长极:石景山区创新发展战略研究/石景山区创新发展战略研究课题组著.-北京:经济科学出版社,2014
    333页;25cm
    
    
    ISBN 978-7-5141-4250-1:CNY48.00
    本书介绍了石景山区打造首都经济新的增长极的战略研究、经济增长极的理论研究、石景山区打造首都经济新的增长极的形势分析、石景山区主导产业统计监测评价、提升石景山区高I型年技术产业发展水平的对策研究等内容。
●
相关链接 在E读中查询图书 在五车中查询图书 在当当中查询图书 在豆瓣中查询图书


正题名:打造首都经济新的增长极     索取号:F127.1/222         预约/预借

序号 登录号 条形码 馆藏地/架位号 状态 备注
1 0839869   208398697   第一样本阅览室/ [索取号:F127.1/222] 在馆    
2 0839870   208398704   密集书库-海洋学院/ [索取号:F127.1/222] 在馆    
3 0839871   208398713   第一借阅区/ [索取号:F127.1/222] 在馆    
唐山师范学院图书馆 欢迎您!
大连网信软件有限公司© 版权所有